Crónica militar de la conquista i pacificación de la Araucania desde el año 1859 hasta su completa incorporación al territorio nacional
Tallennettuna:
| Päätekijä: | |
|---|---|
| Aineistotyyppi: | Kirja |
| Kieli: | espanja |
| Julkaistu: |
Santiago
Imprenta i Encuadernación Lourdes
1909
|
| Painos: | 1a. ed |
| Aiheet: | |
| Tagit: |
Lisää tagi
Ei tageja, Lisää ensimmäinen tagi!
|
MARC
| LEADER | 00000cam a2200000 a 4500 | ||
|---|---|---|---|
| 001 | UCJ5259 | ||
| 003 | CL-VaPUC | ||
| 008 | 070124e19090000CL |||||||||||||||||spa|d | ||
| 082 | 0 | 4 | |a 983 |b NAV |2 21 |
| 100 | |a Navarro Rojas, Leandro |e autor |9 537276 | ||
| 245 | 1 | 0 | |a Crónica militar de la conquista i pacificación de la Araucania desde el año 1859 hasta su completa incorporación al territorio nacional |
| 250 | |a 1a. ed | ||
| 300 | |a 2 t | ||
| 942 | |c BK | ||
| 945 | |d 20070124 00:00:00 |a rinostro | ||
| 260 | |a Santiago |b Imprenta i Encuadernación Lourdes |c 1909 | ||
| 500 | |a Fotografías de diversos actores de los hechos narrados | ||
| 650 | 0 | |a Guerra de Arauco |9 267618 | |
| 650 | 7 | |a PACIFICACION DE LA ARAUCANIA |2 CL-VaPUC |9 504217 | |
| 650 | 0 | |a Ilustraciones |9 369481 | |
| 650 | 0 | |a Iconografía |9 267998 | |
| 650 | 0 | |a Historia de Chile |9 265473 | |
| 651 | 0 | |a Araucanía |9 257448 | |
| 583 | |a last modification |c 20130424 03:19:59 |k Rodrigo Vera | ||
| 999 | |c 321372 |d 321370 | ||
| 952 | |0 0 |1 0 |4 0 |6 983_000000000000000_NAV_1909 |7 0 |8 X |9 400092 |a FDOBUD |b FDOBUD |d 2019-11-22 |h t.1 |i 1032119 |o 983 NAV 1909 |p 1032119 |r 2019-11-22 |w 2019-11-22 |y BK_X |k BUD | ||
| 952 | |0 0 |1 0 |4 0 |6 983_000000000000000_NAV_1909 |7 0 |8 X |9 400093 |a FDOBUD |b FDOBUD |d 2019-11-22 |h t.2 |i 1032127 |o 983 NAV 1909 |p 1032127 |r 2019-11-22 |w 2019-11-22 |y BK_X |k BUD | ||
| 952 | |0 0 |1 0 |4 0 |6 983_000000000000000_NAV_1909 |7 0 |8 X |9 400094 |a FDOBUD |b FDOBUD |d 2019-11-22 |h t.2 |i 4861868 |o 983 NAV 1909 |p 4861868 |r 2019-11-22 |w 2019-11-22 |y BK_X |k BUD | ||